000 00816nam a22002171i 4500
001 163802
003 ES-MaACL
005 20230906212820.0
008 050718s1882 sp | |||||||| ||spa d
040 _aCAM
_bspa
_cCAM
100 1 _aRodríguez Pinilla, Tomás.
_9143531
245 1 3 _aEl Jurado y su planteamiento en España
_b: bosquejo histórico-crítico de la importancia y de los beneficios de la institución ... /
_cpor Rodríguez Pinilla.
250 _a2ª ed.
260 _aMadrid :
_bAdministración: Ventura Rodríguez, 8,
_c1882.
300 _a110 p. ;
_c16 cm.
490 1 _aBiblioteca democrática
650 4 _aJurado-
_zEspaña.
_9168369
830 0 _aBiblioteca democrática
_9222301
852 _aES-MaACL
_jD-3806
_z-- Sin enc.
_z-- Legado de Modesto de La Fuente
999 _c163802
_d163802